| 000 | 00905nam a22002897a 4500 | ||
|---|---|---|---|
| 001 | BR9803666 | ||
| 003 | BR-BrBNA | ||
| 005 | 20230928100002.0 | ||
| 007 | ta | ||
| 008 | 230509b bl.||||| |||| 00| 0 por d | ||
| 040 |
_aBR-BrBNA _bpor _cBiblioteca Nacional de Agricultura |
||
| 041 | _a(Por) | ||
| 072 | _aF30; F03 | ||
| 090 | _ F30 BR9803666 | ||
| 100 | 1 | _aAlmeida, F.A. de | |
| 110 | 1 |
_aServico de Producao de Sementes Basicas, Brasilia, DF (Brasil) _99327 |
|
| 245 | 1 | _aO melhoramento vegetal e a producao de sementes na Embrapa: o desafio do futuro | |
| 260 | 3 |
_aBrasilia, DF (Brasil): _bEMBRAPA/SPI, _c1997. |
|
| 300 | _a358 P. | ||
| 500 | _aSummary (Por); Bibliography p. 275-280; 51 illus.; 66 tables | ||
| 650 | _aMelhoramento Genetico Vegetal | ||
| 650 | _aSemente | ||
| 650 | _aVariedade | ||
| 650 | _aPesquisa Agricola | ||
| 909 |
_a202309 _bLucia _c55 _dLucia Elande |
||
| 942 | _cBK | ||
| 999 |
_c59742 _d59742 |
||